|
|
|
|
| LEADER |
00000nam0a2200000 4500 |
| 001 |
370191 |
| 005 |
20250128115455.0 |
| 035 |
|
|
|a (RuTPU)RU\TPU\retro\27599
|
| 090 |
|
|
|a 370191
|
| 100 |
|
|
|a 20220621d1978 m y0rusy50 ca
|
| 101 |
0 |
|
|a rus
|
| 102 |
|
|
|a UA
|
| 105 |
|
|
|a a j 001zy
|
| 200 |
1 |
|
|a Компоновка стальных каркасов промышленных зданий
|e учебное пособие
|f В. А. Пермяков, А. А. Нилов
|g Киевский инженерно-строительный институт
|
| 210 |
|
|
|a Киев
|c [Б. и.]
|d 1978
|
| 215 |
|
|
|a 70 с.
|c ил.
|
| 320 |
|
|
|a Библиогр.: с. 69-70
|
| 606 |
1 |
|
|a Каркасы промышленных зданий стальные
|2 stltpush
|3 (RuTPU)RU\TPU\subj\39349
|9 59474
|
| 610 |
1 |
|
|a колонны
|
| 610 |
1 |
|
|a сетки
|
| 610 |
1 |
|
|a разбивка
|
| 610 |
1 |
|
|a поперечные рамы
|
| 610 |
1 |
|
|a элементы
|
| 610 |
1 |
|
|a конструктивные решения
|
| 610 |
1 |
|
|a основные размеры
|
| 610 |
1 |
|
|a кровля
|
| 610 |
1 |
|
|a стены
|
| 610 |
1 |
|
|a конструкции
|
| 610 |
1 |
|
|a фонари
|
| 610 |
1 |
|
|a каркасы
|
| 610 |
1 |
|
|a учебные пособия
|
| 675 |
|
|
|a 624.94
|v 4
|
| 700 |
|
1 |
|a Пермяков
|b В. А.
|g Владимир Александрович
|
| 701 |
|
1 |
|a Нилов
|b А. А.
|g Алексей Александрович
|
| 712 |
0 |
2 |
|a Киевский инженерно-строительный институт
|c 1939-1993
|9 25375
|
| 801 |
|
1 |
|a RU
|b 63413507
|c 20220621
|
| 942 |
|
|
|c BK
|